• 首页
  • 本馆介绍
  • 公告通知
  • 最新文献
  • 馆藏检索
  • 电子资源
  • 读者导购
  • 参考咨询
  • 我的图书馆
  • 登录
  • 详细信息显示
  • 放入我的书架
  • 预约/预借图书
  • 作者相关作品
  • 分类相关作品
  • 丛书相关作品
  • 出版社相关作品

书目信息

  • 表格格式
  • 工作单格式
  • 卡片格式
题名:
社会政策评论
    
 
作者: 王春光 主编
分册: 2013年夏季号(总第四辑)   社区发展与社区福利
出版信息: 北京   社会科学文献出版社  2013
页数: 189页
开本: 24cm
丛书名:
单 册:
中图分类: C916.1 , C913.7
科图分类:
主题词: 社会政策--研究 , 社会福利--研究 , 社会政策 , 社会福利
电子资源:
ISBN: 978-7-5097-5498-6
000 01168nam0 2200301 450
001 523
005 20140905093153.56
010    @a978-7-5097-5498-6@dCNY45.00
100    @a20140320d2013 em y0chiy50 ea
101 0  @achi
102    @aCN@b110000
105    @ay z 000yy
106    @ar
200 1  @a社会政策评论@AShe Hui Zheng Ce Ping Lun@h2013年夏季号(总第四辑)@H2013 Nian Xia Ji Hao( Zong Di Si Ji)@i社区发展与社区福利@IShe Qu Fa Zhan Yu She Qu Fu Li@dSocial policy review@hVol. 4@f王春光主编@FWang Chun Guang Zhu Bian@zeng
210    @a北京@c社会科学文献出版社@d2013
215    @a189页@d24cm
300    @a中国社会科学院社会政策研究中心主办
330    @a本书有专题论文、非专题论文两部分,收录了《以社区为基础的政策发展分析:对台湾的初步观察》、《新自由主义、民间力量与租赁房屋再投资》、《法国社会保险制度的两极化发展》等文章。
510 1  @aSocial policy review@zeng
606 0  @a社会政策@x研究
606 0  @a社会福利@x研究
606 0  @a社会政策
606 0  @a社会福利
690    @aC916.1@v5
690    @aC913.7@v5
701  0 @a王春光@AWang Chun Guang@f(1964~)@4主编
801  0 @aCN@bTANGWEI@c20140603
905    @b0838216-18@dC916.1@e878@f3
    
    社会政策评论.2013年夏季号(总第四辑).社区发展与社区福利=Social policy review.Vol. 4/王春光主编.-北京:社会科学文献出版社,2013
    189页;24cm
    中国社会科学院社会政策研究中心主办
    
    ISBN 978-7-5097-5498-6:CNY45.00
    本书有专题论文、非专题论文两部分,收录了《以社区为基础的政策发展分析:对台湾的初步观察》、《新自由主义、民间力量与租赁房屋再投资》、《法国社会保险制度的两极化发展》等文章。
●
相关链接 在E读中查询图书 在五车中查询图书 在当当中查询图书 在豆瓣中查询图书


正题名:社会政策评论     索取号:C916.1/878         预约/预借

序号 登录号 条形码 馆藏地/架位号 状态 备注
1 0838216   208382169   第一样本阅览室/ [索取号:C916.1/878] 在馆    
2 0838217   208382178   第一借阅区/ [索取号:C916.1/878] 在馆    
3 0838218   208382187   第一借阅区/ [索取号:C916.1/878] 在馆    
唐山师范学院图书馆 欢迎您!
大连网信软件有限公司© 版权所有